000 00503nam a2200193Ia 4500
005 20230722111701.0
008 131103s9999 xx 000 0 und d
020 _a451186796
_cGBP:5.99
040 _aLoreto College
041 _aEnglish
082 _aF
_bCHA
245 4 _aThe Crime Lover's Casebook
_cEdited by Jerome Charyn
260 _aNew York
_bA Signet Book
_c1993
300 _axii,400 p.
650 _aFiction in English
700 _aCharyn,Jerome;ed.
850 _aLCLIB
942 _cBK
999 _c16473
_d66952